| 000 | 00545nam a22001337a 4500 | ||
|---|---|---|---|
| 003 | SGT | ||
| 020 | _a9789355212450 | ||
| 082 |
_a200 _bB22D |
||
| 100 | _aडालमिया, रघु हरि प्रभात प्रकाशन | ||
| 245 | _aभारत का अनकहा इतिहास :राजनीती की खुलती परतें | ||
| 260 |
_bभारत का अनकहा इतिहास :राजनीती की खुलती परतें _c2022 |
||
| 300 | _a176 | ||
| 942 |
_2ddc _cBK |
||
| 999 |
_c31819 _d31819 |
||